Srimad Valmiki- Ramayana; with Sanskrit text with english translation (Record no. 20108)

MARC details
000 -LEADER
fixed length control field 00343nam a22001337a 4500
020 ## - INTERNATIONAL STANDARD BOOK NUMBER
ISBN 9788129300300
082 ## - DEWEY DECIMAL CLASSIFICATION NUMBER
Classification number 294.5922 GIT
100 ## - MAIN ENTRY--AUTHOR NAME
Author name Gita Press
245 ## - TITLE STATEMENT
Title Srimad Valmiki- Ramayana; with Sanskrit text with english translation
260 ## - PUBLICATION, DISTRIBUTION, ETC. (IMPRINT)
Place of publication Gorakhpur
Name of publisher Gita Press
Year of publication 2014
300 ## - PHYSICAL DESCRIPTION
Number of Pages 942
650 ## - SUBJECT ADDED ENTRY--TOPICAL TERM
Topical Term Ramayana Valmiki
942 ## - ADDED ENTRY ELEMENTS (KOHA)
Koha item type Books

No items available.

                   Copyright © 2026 | Henry Martyn Institute | Hyderabad | TS-500052 | INDIA | Implemented by hmi.edu.in
Hit-Count:

Powered by Koha